Biblioteca

Immigration (Registro nro. 68150)

Detalles MARC
000 -LÍDER
Campo fijo de descripción fija 01160naa a2200217 i 4500
001 - NÚMERO DE CONTROL
Campo de control 768714001
003 - IDENTIFICADOR DEL NÚMERO DE CONTROL
Campo de control CO-MdFUSB
005 - FECHA Y HORA DE LA ULTIMA TRANSACCIÓN
control field 20230607114902.0
008 - ELEMENTOS DE LONGITUD FIJA -- INFORMACIÓN GENERAL
Campo fijo de descripción fija -- Información general 220914s2006 ag ||||| |||| 00| 0 eng d
022 ## - NÚMERO INTERNACIONAL NORMALIZADO PARA PUBLICACIONES SERIADAS
Número Internacional Normalizado para Publicaciones Seriadas 16698649
040 ## - FUENTE DE CATALOGACIÓN
Idioma de catalogación spa
Agencia que realiza la transcripción CO-MdFUSB
Agencia que realiza la modificación CO-MdFUSB
Agencia Catalogadora CO-MdFUSB
041 ## - CÓDIGO DE IDIOMA
Código de idioma para texto/pista de sonido o título separado eng
100 ## - ASIENTO PRINCIPAL--NOMBRE PERSONAL
Nombre personal Escobar, Samuel
Término relacionador autor
245 1# - TÍTULO
Título Immigration
Subtitulo : avenue and challenge to mission
Mención de responsabilidad / Samuel Escobar
300 ## - DESCRIPCIÓN FÍSICA
Extensión Volumen 1, número 2 (2006), páginas 70 - 94
Dimensiones ; 20 cm.
520 ## - NOTA DE RESUMEN, ETC.
Nota de sumario, etc. El teólogo peruano Samuel Escobar, presidente emérito de la Fraternidad Teológica Latinoamericana, pinta convincentemente la anchura del cuadro de inmigración actual en España, y resume el “triple desafío” que plantea esta realidad a la iglesia en los países receptores, que deben optar por concebir a los recién llegados como una “perturbación” o una “oportunidad”.
546 ## - NOTA DE IDIOMA
Nota de idioma Texto en Inglés
650 #7 - ASIENTO SECUNDARIO DE MATERIA - TERMINO TEMÁTICO
9 (RLIN) 2117
Término temático o nombre geográfico como elemento de entrada Emigración e inmigración
773 0# - ASIENTO DE ITEM FUENTE
Biblionumber 49416
Itemnumber 81264
Lugar, editorial y fecha de publicación Santiago de Chile
Otro identificador del ítem R1721
Título Journal of Latin American Theology :
Número de control del registro (CO-MdFUSB)118
Número Internacional Normalizado para Publicaciones Seriadas (ISSN) 1669-8949
Parte(s) relacionada(s) / Volumen., número. (mes año), páginas Volumen 1, número 2 (2006), páginas 70 - 94
Enumeración y primera página página 70
942 ## - TIPO DE MATERIAL (KOHA)
Tipo de Item KOHA Artículos de Revista

No hay ítems disponibles.

Biblioteca FUSBC | Teléfono: (57+4) 349 88 10 Ext. 141| WhatsApp (+57) 3005338115 
E-mail: biblioteca@unisbc.edu.co | Calle 76 87-14 Robledo Palenque, Medellín, Colombia

Con tecnología Koha